Regional economic outlook Western Hemisphere

Guardado en:
Detalles Bibliográficos
Formato: Libro
Lenguaje:inglés
Publicado: Washington, D.C. International Monetary Fund 2008
Colección:World economic and financial surveys
Materias:
Etiquetas: Agregar Etiqueta
Sin Etiquetas, Sea el primero en etiquetar este registro!

MARC

LEADER 00000nam$a2200000$$$4500
001 0107372
005 20240315115648.5
020 |a 978-1-58906-716-5 
041 0 |a eng 
044 |a US 
245 1 0 |a Regional economic outlook  |b Western Hemisphere 
264 1 |a Washington, D.C.  |b International Monetary Fund  |c 2008 
300 |a vi, 49 s. 
490 1 |a World economic and financial surveys 
830 0 |a World economic and financial surveys 
610 2 0 |a situácia hospodárska 
610 2 0 |a politika hospodárska 
610 2 0 |a USA 
610 2 0 |a Kanada 
610 2 0 |a Latinská Amerika 
610 2 0 |a Karibská oblasť 
610 2 0 |a politika finančná 
610 2 0 |a inflácia 
610 2 0 |a globalizácia